• 首页
  • 本馆介绍
  • 公告通知
  • 最新文献
  • 馆藏检索
  • 电子资源
  • 读者导购
  • 参考咨询
  • 我的图书馆
  • 登录
  • 详细信息显示
  • 放入我的书架
  • 预约/预借图书
  • 作者相关作品
  • 分类相关作品
  • 丛书相关作品
  • 出版社相关作品

书目信息

  • 表格格式
  • 工作单格式
  • 卡片格式
书名: Aristotle for everybody
作者: by Mortimer J. Adler
分册号:
分册名:
出版地: New York :
 
出版社: simon& schuster Inc
出版时间: c1978.
页数: xiv, 206 p. ;
开本: 22 cm.
丛书名:
中图分类号:
科图分类号:
其他分类号: B502.2
主题词:
电子资源:
000 00776nam 2200253 a 4500
001 E0736847093
005 20070714102053.71
008 00010 eng
008 uu
010    @a78000853 //r83
020    @a0-684-83823-0.
049    @aN5LA
050 0  @aB481 @b.A3
082    @a185
090    @aB502.2
096    @aB502.2 @v2
099    @dB502.2@ex14
100 10 @aAdler, Mortimer Jerome, @d1902-
245 10 @aAristotle for everybody :@bdifficult thought made easy / @cby Mortimer J. Adler
260 0  @aNew York :@bsimon& schuster Inc.,@cc1978.
300    @axiv, 206 p. ;@c22 cm.
504    @aIncludes bibliographical references.
600 00 @aAristotle. @b00 @c20020930 @lNLC09 @h2247 @lNLC09 @h2315 @lNLC09 @h1906
852 9  @bWWJC @cJ08S @k2 @hB502.2 @iAMJ
    
    Aristotle for everybody : : difficult thought made easy / / by Mortimer J. Adler.-New York : : simon& schuster Inc., , c1978.
    xiv, 206 p. ; ; 22 cm.
    Includes bibliographical references.
    
    ISBN 0-684-83823-0.
    
●
相关链接 在E读中查询图书 在五车中查询图书 在当当中查询图书 在豆瓣中查询图书


正题名:Aristotle for everybody     索取号:B502.2/x14         预约/预借

序号 登录号 条形码 馆藏地/架位号 状态 备注
1 0013093   300130935   第二样本阅览室/ [索取号:B502.2/x14] 在馆    
唐山师范学院图书馆 欢迎您!
大连网信软件有限公司© 版权所有